| 000 | 00692nam a2200253Ia 4500 | ||
|---|---|---|---|
| 003 | OSt | ||
| 005 | 20220918193303.0 | ||
| 006 | a|||||r|||| 00| 0 | ||
| 007 | ta | ||
| 008 | 220917b |||||||| |||| 00| 0 eng d | ||
| 024 | _a72,490 | ||
| 037 | _cTextual | ||
| 040 |
_aARTS _cARTS _beng |
||
| 041 |
_2eng _aeng |
||
| 082 | _aR49, L9 | ||
| 100 |
_aKainz Howard P _978409 |
||
| 245 | 0 |
_aEthica dialectical _b a study of ethical oppositions |
|
| 260 |
_aHague _bMartinus Nijohff _c1979 |
||
| 300 |
_ax,163p. _ccm. |
||
| 500 | _aGlossary 136-41p; Bib 142-45p | ||
| 650 |
_aGOOD AND EVIL _919248 |
||
| 942 |
_hR49, L9 _cTEXL _2CC |
||
| 999 |
_c198478 _d198478 |
||